000 01198nam a2200313 a 4500
999 _c419444
_d419444
003 BLK
005 20250701160348.0
008 180411b bul|||||r ||||||| ||bul||
010 _aKNG00201027000
020 _a9786192072209
040 _aBLK
041 _aBUL
_cBUL
072 7 _2bullib
_aН84
_xБългарска художествена литература Н
072 7 _2bullib
_aРА
_xРусенски автори
080 _aБългарска литература
_b821.163.2
_x-93-1
_z821.163.2--93-1
100 _aПламък Искрен
_d1978 -
_qПетков, Пламен Георгиев
_eпърви автор
_gПетков, Пламен
_9457527
139 _aПламък Искрен
245 1 0 _aВ горята необятна
_cПламък Искрен
257 _aBGR
260 _aРусе
_bМедиатех
_c2021
_9213398
_d978-954-8467, 978-954-92342, 978-954-92424
_n978-619-207- ; 978-954-8467- ; 978-619-7071- ; 954-91714-
300 _a79 с.
_c21 см
380 _aDX
852 _aЦб 312039
_bЦб
856 4 _qpdf
856 4 _qpdf
942 _cKNG
_n0
_03
_s1
944 _k30538
_lСилвия Димитрова
999 _d419444